00333nam a2200121Ia 4500008004100000041000800041082001700049100001700066245005000083260003500133300003000168365001300198240624s9999 xx 000 0 und d aeng a658.4063 SET aSETHI VIKRAM aORGANIZATIONAL TRANSFORMATION THROUGH BUSINEE c2003aDelhibPearson Education axi, : 575 : p. : cm. ; 24 cRSb31.5